000 00568nam a2200169Ia 4500
003 0
005 20250214152153.0
008 140724s9999 xx 000 0 und d
050 _aT 57.6.A1
_b.V719 2009
100 _aVillar, Harmond Perrie M.
245 _aAutomated timekeeping and payroll system of Creative Middle School /
_cHarmond Perrie M. Villar.
260 _aLas PiƱas, Philippines :
_bSouthville International School and Colleges,
_cc2009.
300 _a41 p. :
_bill. ;
_c28 cm.
521 _aInformation Technology
942 _cTH
_2lcc
999 _c229263
_d229263